000 00483nam a2200193Ia 4500
005 20220518114242.0
008 140110s9999 xx 000 0 und d
020 _a9780751537529
_cRs.250.00
040 _aLoreto College
041 _aEnglish
082 _aF
_bALB
100 _aAlbom, Mitch
245 _aHave a little faith
_bA true story
_cMitch Albom
260 _aLondon
_bSphere
_c2009
300 _a254p.
650 _aFiction in English
850 _aLCLIB
942 _cBK
999 _c37236
_d87715